00909 2200301 4500001002100000005001500021035002000036007000300056008004100059020002200100082001700122084001900139100002800158245008000186250003400266300002400300650003200324264004500356336002100401337003000422338002300452040002200475090002200497850001200519999002200531700003200553990002200585INLIS00000000089165120241206011224 a0010-1224000198ta241206s2023 yoi b p ind d a978-623-8127-44-304223a899.2211 a899.2211 SET k0 aSetyaningsihePengarang10aKumpulan puisi untuk anak PAUD /cSetyaningsih; penyunting, Agus Supriyanto aCetakan Pertama November 2023 a85 halaman ;c21 cm 4aPuisi Indonesia--xKumpulan31aBantul :bMuhammad Fahmi Al Azizy,c2023 2rdacontentateks 2rdamediaatanpa perantara 2rdacarrieravolume aYOPDYOGbinderda aCB-D.11 2023-5943 aYOPDYOG aCB-D.11/2023-59430 aAgus SupriyantoePenyunting aCB-D.11/2023-5943